MARC details
| 000 -LEADER |
| fixed length control field |
02583nam a2200457 4500 |
| 001 - CONTROL NUMBER |
| control field |
000 |
| 003 - CONTROL NUMBER IDENTIFIER |
| control field |
000 |
| 005 - DATE AND TIME OF LATEST TRANSACTION |
| control field |
20150702115604.0 |
| 006 - FIXED-LENGTH DATA ELEMENTS--ADDITIONAL MATERIAL CHARACTERISTICS |
| fixed length control field |
m d |
| 007 - PHYSICAL DESCRIPTION FIXED FIELD--GENERAL INFORMATION |
| fixed length control field |
cr n |
| 008 - FIXED-LENGTH DATA ELEMENTS--GENERAL INFORMATION |
| fixed length control field |
080123s2008 dcuab sb i101 0 eng d |
| 020 ## - INTERNATIONAL STANDARD BOOK NUMBER |
| International Standard Book Number |
0821373803 |
|
| International Standard Book Number |
9780821373804 |
| 035 ## - SYSTEM CONTROL NUMBER |
| System control number |
(WaSeSS)ssj0000089455 |
| 040 ## - CATALOGING SOURCE |
| Original cataloging agency |
UOEL |
| Transcribing agency |
DLC |
| Modifying agency |
YDXCP |
| -- |
BAKER |
| -- |
C#P |
| -- |
BWX |
| -- |
DLC |
| -- |
WaSeSS |
| 043 ## - GEOGRAPHIC AREA CODE |
| Geographic area code |
d------ |
| 050 #4 - LIBRARY OF CONGRESS CALL NUMBER |
| Classification number |
HC59.72.E5 |
| Item number |
S393 2008 |
| 082 00 - DEWEY DECIMAL CLASSIFICATION NUMBER |
| Classification number |
338.9/27091724 |
| Edition number |
22 |
| 210 10 - ABBREVIATED TITLE |
| Abbreviated title |
Science, technology, and innovation |
| 245 00 - TITLE STATEMENT |
| Title |
Science, technology, and innovation |
| Medium |
[electronic resource] : |
| Remainder of title |
capacity building for sustainable growth and poverty reduction / |
| Statement of responsibility, etc. |
edited by Alfred Watkins, Michael Ehst. |
| 246 30 - VARYING FORM OF TITLE |
| Title proper/short title |
Capacity building for sustainable growth |
| 260 ## - PUBLICATION, DISTRIBUTION, ETC. (IMPRINT) |
| Place of publication, distribution, etc. |
Washington, D.C. : |
| Name of publisher, distributor, etc. |
World Bank, |
| Date of publication, distribution, etc. |
c2008. |
| 490 1# - SERIES STATEMENT |
| Series statement |
Directions in development. Science, technology, and innovation |
| 500 ## - GENERAL NOTE |
| General note |
Report based on The Global Forum on Building Science, Technology and Innovation Capacity for Sustainable Growth and Poverty Reduction, held in Washington, D.C. on February 13-15, 2007, and sponsored by The World Bank in cooperation with the Canadian International Development Agency (CIDA), the United Kingdom's Department for International Development (DFID), the Global Research Alliance (GRA), the Inter-American Development Bank (IDB), the Science Initiative Group (SIG), the United Nations Conference on Trade and Development (UNCTAD), and the United Nations Educational, Scientific and Cultural Organization (UNESCO). |
| 504 ## - BIBLIOGRAPHY, ETC. NOTE |
| Bibliography, etc |
Includes bibliographical references (p. 195-199) and index. |
| 506 ## - RESTRICTIONS ON ACCESS NOTE |
| Terms governing access |
License restrictions may limit access. |
| 650 #0 - SUBJECT ADDED ENTRY--TOPICAL TERM |
| Topical term or geographic name as entry element |
Sustainable development |
| Geographic subdivision |
Developing countries |
| Form subdivision |
Congresses. |
|
| Topical term or geographic name as entry element |
Technological innovations |
| Geographic subdivision |
Developing countries |
| Form subdivision |
Congresses. |
|
| Topical term or geographic name as entry element |
Technical assistance |
| Geographic subdivision |
Developing countries |
| Form subdivision |
Congresses. |
|
| Topical term or geographic name as entry element |
Science |
| General subdivision |
Study and teaching |
| Geographic subdivision |
Developing countries |
| Form subdivision |
Congresses. |
|
| Topical term or geographic name as entry element |
Science |
| General subdivision |
Study and teaching |
| Geographic subdivision |
Developing countries. |
|
| Topical term or geographic name as entry element |
Research, Industrial |
| Geographic subdivision |
Developing countries |
| Form subdivision |
Congresses. |
| 700 1# - ADDED ENTRY--PERSONAL NAME |
| Personal name |
Watkins, Alfred J. |
|
| Personal name |
Ehst, Michael. |
| 773 #0 - HOST ITEM ENTRY |
| Title |
Open Knowledge Repository |
| 830 #0 - SERIES ADDED ENTRY--UNIFORM TITLE |
| Uniform title |
Directions in development (Washington, D.C.) |
|
| Uniform title |
Directions in development (Washington, D.C.). |
| Name of part/section of a work |
Science, technology, and innovation. |
| 856 40 - ELECTRONIC LOCATION AND ACCESS |
| Uniform Resource Identifier |
<a href="http://www.columbia.edu/cgi-bin/cul/resolve?clio8184457">http://www.columbia.edu/cgi-bin/cul/resolve?clio8184457</a> |
| Public note |
Full text available from Open Knowledge Repository |
| 910 ## - USER-OPTION DATA (OCLC) |
| User-option data |
Library of Congress record |
| 942 ## - ADDED ENTRY ELEMENTS (KOHA) |
| Source of classification or shelving scheme |
Library of Congress Classification |
| Koha item type |
Loan - Normal on open shelf |